Malaysian law of custody : a comparative study with Islamic, English and Scottish laws /
Saved in:
| Main Author: | |
|---|---|
| Format: | Thesis |
| Language: | English |
| Published: |
Glasgow :
Glasgow Caledonian University,
1997
|
| Subjects: | |
| Online Access: | Click here to view 1st 24 pages of the thesis. Members can view fulltext at the specified PCs in the library. |
| Tags: |
Add Tag
No Tags, Be the first to tag this record!
|
| LEADER | 017180000a22003610004500 | ||
|---|---|---|---|
| 001 | 148737 | ||
| 005 | 20100202113700.0 | ||
| 008 | 991026s1997 enk g 00 eng c | ||
| 035 | |a 556258 | ||
| 035 | |a (Sirsi) 148737 | ||
| 040 | |a UIAM |b eng |e rda | ||
| 043 | |a a-my--- e-uk-en e-uk-st | ||
| 050 | 0 | |a KPG610 | |
| 100 | 0 | |a Normi Abdul Malek, |e author | |
| 245 | 1 | 0 | |a Malaysian law of custody : |b a comparative study with Islamic, English and Scottish laws / |c Normi Abdul Malek |
| 264 | 1 | |a Glasgow : |b Glasgow Caledonian University, |c 1997 | |
| 300 | |a xxvi, 275 pages ; |c 30 cm. | ||
| 336 | |a text |e rdacontent | ||
| 337 | |a unmediated |e rdamedia | ||
| 338 | |2 rdacarrier |a volume | ||
| 502 | |a (Ph.D)--Glasgow Caledoniean University, Department of Law and Public Administation, 1997. | ||
| 596 | |a 1 | ||
| 650 | 0 | |a Custody of children |z Malaysia | |
| 650 | 0 | |a Gurdian and ward (Islamic law) | |
| 650 | 0 | |a Custody of children |z Great Britain | |
| 650 | 0 | |a Custody of children |z Scotland | |
| 655 | 0 | 7 | |a Theses, non-IIUM |
| 710 | 1 | |a Glasgow Caledoniean University. |b Department of Law and Public Administation | |
| 856 | 4 | |u https://lib.iium.edu.my/mom/services/mom/document/getFile/1adFxPjonwrBJhSrRKTYBsTtWWmEGfE220080918152027875 |z Click here to view 1st 24 pages of the thesis. Members can view fulltext at the specified PCs in the library. | |
| 900 | |a as-amar-hj-nm-Az-naw | ||
| 999 | |c 431064 |d 462555 | ||
| 952 | |0 0 |6 T KPG000610 N842M 1997 |7 0 |8 THESES |9 750735 |a IIUM |b IIUM |c MULTIMEDIA |g 0.00 |o t KPG610N842M 1997 |p 00000556261 |r 2017-10-20 |t 1 |v 0.00 |y THESIS | ||
| 952 | |0 0 |6 TS CDF KPG 610 N842M 1997 |7 0 |8 THESES |9 797744 |a IIUM |b IIUM |c MULTIMEDIA |g 0.00 |o ts cdf KPG 610 N842M 1997 |p 00010983209 |r 2018-10-18 |t 1 |v 0.00 |y THESISDIG | ||
